[Event "Strmilov op"]
[Site "Strmilov"]
[Date "2005.06.03"]
[Round "6"]
[White "Volf, Miloslav"]
[Black "Cuhra, Martin"]
[Result "0-1"]
[WhiteElo "1505"]
[BlackElo "1724"]
[PlyCount "121"]
[EventDate "2005.06.01"]
[EventType "swiss"]
[EventRounds "6"]
[EventCountry "CZE"]
[SourceTitle "EXT 2006"]
[Source "ChessBase"]
[SourceDate "2005.11.24"]
[SourceVersion "1"]
[SourceVersionDate "2005.11.24"]
[SourceQuality "1"]

1. e4 c5 2. Nf3 Nc6 3. d4 cxd4 4. Nxd4 Nf6 5. Nc3 e5 6. Ndb5 d6 7. Bg5 a6 8. Na3 b5 9. Nd5 Be7 10. Bxf6 Bxf6 11. c3 Ne7 12. Nc2 Nxd5 13. Qxd5 Ra7 14. Nb4 Bb7 15. Qd3 Bg5 16. Rd1 Be7 17. Be2 0-0 18. 0-0 Qd7 19. Nd5 Rd8 20. Qe3 Bc6 21. Rd2 Bxd5 22. Rxd5 Rb8 23. Rfd1 Qc7 24. b3 Rab7 25. f4 exf4 26. Qxf4 Qxc3 27. Rf1 Bf6 28. Rd3 Qc5+ 29. Kh1 Be5 30. Qd2 Rc7 31. Bg4 Qc2 32. Rd1 Qxd2 33. R3xd2 Rb6 34. g3 Rbc6 35. Kg2 g6 36. Kh3 Rc3 37. Rf1 Rc2 38. Rff2 Rxd2 39. Rxd2 Kf8 40. Bd1 Ke7 41. b4 Rc4 42. Bb3 Rxe4 43. a3 Re3 44. Bd5 Rxa3 45. Rc2 Rc3 46. Ra2 Rd3 47. Bc6 Rd4 48. Rxa6 Rxb4 49. Ra7+ Ke6 50. Be8 Ra4 51. Rxf7 Ra8 52. Rxh7 Rxe8 53. Rb7 d5 54. Rxb5 Rd8 55. Kg2 Kf5 56. Kf3 g5 57. g4+ Kf6 58. Rb6+ Rd6 59. Rb3 Kg7 60. Re3 Kf6 61. Re2 0-1

[Event "Strmilov op"]
[Site "Strmilov"]
[Date "2005.06.01"]
[Round "1"]
[White "Volf, Miloslav"]
[Black "Steinhauser, Antonin"]
[Result "0-1"]
[WhiteElo "1505"]
[BlackElo "2019"]
[PlyCount "138"]
[EventDate "2005.06.01"]
[EventType "swiss"]
[EventRounds "6"]
[EventCountry "CZE"]
[SourceTitle "EXT 2006"]
[Source "ChessBase"]
[SourceDate "2005.11.24"]
[SourceVersion "1"]
[SourceVersionDate "2005.11.24"]
[SourceQuality "1"]

1. e4 c5 2. Nf3 d6 3. d4 cxd4 4. Nxd4 Nf6 5. Nc3 g6 6. Be2 Bg7 7. Be3 Nc6 8. Qd2 0-0 9. 0-0 Ng4 10. Bxg4 Bxg4 11. Nxc6 bxc6 12. Bh6 Rb8 13. Bxg7 Kxg7 14. Na4 Kg8 15. c4 Be6 16. b3 d5 17. exd5 cxd5 18. c5 Qc7 19. Qd4 Rfd8 20. Rac1 Bd7 21. Rfe1 e6 22. Nb2 Bb5 23. f4 Qa5 24. a4 Bd7 25. c6 Bxc6 26. Nd3 Be8 27. b4 Qb6 28. Qxb6 axb6 29. b5 Rdc8 30. Kf2 Ra8 31. Nb2 Rc5 32. Ke3 Rac8 33. Nd3 Rc4 34. g3 f6 35. Kd2 Bd7 36. Nb2 Rxc1 37. Rxc1 Rxc1 38. Kxc1 Kf7 39. Kd2 e5 40. Ke3 Bf5 41. a5 d4+ 42. Kd2 Ke6 43. a6 Kd6 44. fxe5+ fxe5 45. Nc4+ Kc5 46. a7 Be4 47. Nxe5 Kxb5 48. Nd7 h5 49. h3 Ka6 50. g4 Kxa7 51. Nf6 hxg4 52. hxg4 Bb1 53. Kc1 Ba2 54. g5 b5 55. Ng4 Be6 56. Ne5 Bf5 57. Nc6+ Kb6 58. Nxd4 Be4 59. Kb2 Kc5 60. Ne2 Bd5 61. Nf4 Bf7 62. Kc3 b4+ 63. Kc2 Kd4 64. Kb2 Kc4 65. Ne2 Be6 66. Ng1 Bg4 67. Kc2 b3+ 68. Kb2 Kb4 69. Kb1 Ka3 0-1